| 000 | 00964nam a22003017a 4500 | ||
|---|---|---|---|
| 001 | 10013 | ||
| 003 | FISKH | ||
| 005 | 20260327115321.0 | ||
| 008 | 260327b cb ||||| |||| 00| 0 eng d | ||
| 020 | _a0590416685 | ||
| 040 |
_aFISKH _beng _cFISKH _dFISKH |
||
| 050 | _aPZ7 .Z487 .N | ||
| 082 | _a813.54 | ||
| 100 | _aZiefert , Harriet | ||
| 245 |
_aA new coat for Anna / _cby Harriet Ziefert : pictures by Anita Lobel |
||
| 250 | _aFirst Scholastic printing , September 1988 | ||
| 260 |
_aNew York : _bScholastic , _c1986 . |
||
| 300 |
_a32 unnumbered pages : _bcolor illustrations ; _c23 cm . |
||
| 505 | _aN | ||
| 520 | _aEven though there is no money, Anna's mother finds a way to make Anna a badly needed winter coat. | ||
| 521 | 8 |
_a580
_bLexile |
|
| 521 | 8 |
_aN
_bRaz-Plus |
|
| 650 |
_aClothing _vFiction |
||
| 650 |
_aPoverty _vFiction |
||
| 700 |
_aLobel , Anita _eIllustrator |
||
| 942 |
_2ddc _cBK _n0 |
||
| 999 |
_c10013 _d10013 |
||